La réponse contient "Gui" - Statistiques

Statistiques générales
  • Ce quiz a été pris 387 fois
  • Le résultat moyen est 12 sur 16
Statistiques - réponses
Question Réponse % Correct
On l'utilisait en France pour les exécutions. Guillotine
100%
Elle brille à noël. Guirlande
98%
Instrument de musique, électrique, acoustique ou basse par exemple. Guitare
98%
Personne qui dirige lors d'une expédition ou d'une visite. Guide
97%
Pays ayant pour capitale "Conakry" Guinée
86%
A, B ou O quand c'est un groupe. Sanguin
84%
Affuter, pour un couteau par exemple. Aiguiser
83%
On s'en sert pour tricoter. Aiguille
78%
" ou « Guillemet
76%
Plat à base de viande de bœuf et de vin rouge. Bourguignon
75%
Marionnette à gaine française créée à Lyon. Guignol
71%
Revêtir un costume. Déguiser
70%
Exciter, attirer par des manières provocantes Aguicher
63%
Célèbre marque de couverts, avec une mouche (ou une abeille) soudée sur le manche. Laguiole
45%
Footballeur Français, champion du monde en 1998. Guivarc'h
37%
Mot ou situation qui présente plusieurs sens ou plusieurs interprétations possibles. Ambiguité
14%
Aucun quiz correspondant
Distribution des résultats
% des personnes avec chaque résultat
Percentile par nombre de réponses
Votre historique - résultats
Vous n’avez pas pris ce quiz